[Event "64..ITA Provinciale VE"]
[Site "Venezia Canal ITA"]
[Date "2004.02.08"]
[Round "6.2"]
[White "You, Zi Chih Stefano"]
[Black "Ballarin, Gabriele"]
[Result "0-1"]
[WhiteElo "1446"]
[BlackElo "1639"]
[Annotator "Gabriele Ballarin"]
[PlyCount "74"]
[EventDate "2004.01.31"]
[EventType "swiss"]
[EventRounds "6"]
[EventCountry "ITA"]
[SourceTitle "Inf 22"]

1. f4 f5 2. e4 fxe4 3. d3 e3 4. Bxe3 Nf6 5. Nf3 d6 6. Be2 Nc6 7. Nc3 Bf5 8. Nd4 Nxd4 9. Bxd4 Qd7 10. O-O c5 11. Bxf6 gxf6 12. Bh5+ Kd8 13. Nd5 Rg8 14. Qe2 Bg4 15. Bxg4 Qxg4 16. Rae1 Kd7 17. h3 Qxe2 18. Rxe2 f5 19. Rfe1 Re8 20. c4 Rg6 21. Kf2 e6 22. Nc3 Bg7 23. Nd1 Bd4+ 24. Kf3 Reg8 25. g4 fxg4+ 26. hxg4 Rxg4 27. Ne3 Rg3+ 28. Ke4 Rh3 29. b3 Rf8 30. Nc2 Bc3 31. Rg1 Kc6 32. Ne3 Bd4 33. Rge1 b5 34. a3 h5 35. f5 Rxe3+ 36. Rxe3 exf5+ 37. Kf4 Bxe3+ 0-1

[Event "64.Provinciale PD 2.Rocca di Monselice"]
[Site "Monselice"]
[Date "2004.02.06"]
[Round "1.1"]
[White "Quaranta, Cristiano"]
[Black "Korneev, Oleg"]
[Result "0-1"]
[WhiteElo "2031"]
[BlackElo "2566"]
[Annotator "Gabriele Ballarin"]
[PlyCount "56"]
[EventDate "2004.02.06"]
[EventType "swiss"]
[EventRounds "5"]
[EventCountry "ITA"]

1. d4 Nf6 2. Bg5 d5 3. Bxf6 gxf6 4. g3 c5 5. e3 Qb6 6. b3 Nc6 7. c3 h5 8. Bg2 Bg4 9. Ne2 O-O-O 10. h4 cxd4 11. cxd4 Qa6 12. Nbc3 e6 13. O-O Bb4 14. Qc2 Kb8 15. a3 Bd6 16. b4 Ne7 17. b5 Qa5 18. Qb2 Rc8 19. Rfc1 Rc4 20. Kh2 Rhc8 21. Bh3 Bxh3 22. Kxh3 Nf5 23. Ra2 Qd8 24. b6 a6 25. Ng1 Qg8 26. Nce2 Qg6 27. Kg2 Nxh4+ 28. Kh2 Qe4 0-1

[Event "64.Provinciale PD 2.Rocca di Monselice"]
[Site "Monselice"]
[Date "2004.02.06"]
[Round "1.2"]
[White "Djuric, Stefan"]
[Black "Dallaglio, Giovanni"]
[Result "1-0"]
[WhiteElo "2487"]
[BlackElo "2023"]
[Annotator "Gabriele Ballarin"]
[PlyCount "148"]
[EventDate "2004.02.06"]
[EventType "swiss"]
[EventRounds "5"]
[EventCountry "ITA"]

1. e4 c6 2. Nc3 d5 3. Nf3 dxe4 4. Nxe4 Nd7 5. Qe2 Qc7 6. g3 Ngf6 7. Nxf6+ Nxf6 8. Bg2 Bg4 9. Qe5 Qxe5+ 10. Nxe5 Bd7 11. a4 g6 12. a5 a6 13. Ra3 Rc8 14. Rb3 Rc7 15. d4 Be6 16. c4 Bg7 17. O-O O-O 18. Be3 Nd7 19. d5 Nxe5 20. dxe6 Nxc4 21. Bf4 Be5 22. exf7+ Kxf7 23. Rf3 Kg8 24. Bxe5 Nxe5 25. Rc3 Rd8 26. Re1 Ng4 27. Bh3 Nf6 28. Be6+ Kf8 29. g4 h6 30. h4 Kg7 31. Rf3 Rf8 32. Rd1 Ne4 33. Rxf8 Kxf8 34. Rd8+ Kg7 35. f4 Nd6 36. g5 h5 37. Kf2 c5 38. b3 c4 39. bxc4 Nxc4 40. f5 Ne5 41. Rf8 Kh7 42. fxg6+ Nxg6 43. Rc8 Rxc8 44. Bxc8 Ne5 45. Bxb7 Nc4 46. Bxa6 Nxa5 47. Bb5 Nb7 48. Ke3 Nd6 49. Bd3+ Kg7 50. Kf4 Kf7 51. Ke5 Ne8 52. Bc4+ Kg6 53. Bd3+ Kf7 54. Bc4+ Kg6 55. Bg8 Kg7 56. Bd5 Kg6 57. Bc4 Ng7 58. Be6 Ne8 59. Bf5+ Kf7 60. Bh7 Kg7 61. Be4 Kf7 62. Bf3 Kg6 63. Ke6 Ng7+ 64. Ke5 Ne8 65. Bd5 Nf6 66. Ke6 Nxd5 67. Kxd5 Kf5 68. Kd4 e6 69. Kd3 Kg6 70. Ke4 Kf7 71. Kd4 Kg6 72. Ke5 Kf7 73. Kd6 Kg7 74. Kxe6 Kg6 1-0

[Event "64.Provinciale PD 2.Rocca di Monselice"]
[Site "Monselice"]
[Date "2004.02.06"]
[Round "1.3"]
[White "Rossi, Damiano"]
[Black "Lazic, Miroljub"]
[Result "0-1"]
[WhiteElo "2002"]
[BlackElo "2477"]
[Annotator "Gabriele Ballarin"]
[PlyCount "44"]
[EventDate "2004.02.06"]
[EventType "swiss"]
[EventRounds "5"]
[EventCountry "ITA"]

1. d4 d5 2. c4 e6 3. Nc3 c6 4. Nf3 Nf6 5. Bf4 dxc4 6. a4 Bb4 7. Bd2 O-O 8. e3 Nbd7 9. Bxc4 Qe7 10. O-O e5 11. Qb3 Bd6 12. dxe5 Nxe5 13. Nxe5 Qxe5 14. f4 Qe7 15. Qc2 Bc5 16. Rae1 Be6 17. Bxe6 Qxe6 18. Nd1 Ne4 19. b4 Rad8 20. Bc3 Rxd1 21. Rxd1 Bxe3+ 22. Kh1 Ng3+ 0-1

[Event "64.Provinciale PD 2.Rocca di Monselice"]
[Site "Monselice"]
[Date "2004.02.06"]
[Round "1.4"]
[White "Mrdja, Milan"]
[Black "Roberti, Ignazio"]
[Result "1-0"]
[WhiteElo "2413"]
[BlackElo "1994"]
[Annotator "Gabriele Ballarin"]
[PlyCount "57"]
[EventDate "2004.02.06"]
[EventType "swiss"]
[EventRounds "5"]
[EventCountry "ITA"]

1. e4 c5 2. Nf3 Nc6 3. Bb5 d6 4. O-O Nf6 5. Re1 Bg4 6. h3 Bh5 7. g4 Bg6 8. e5 dxe5 9. Nxe5 Qc7 10. d3 e6 11. f4 Bd6 12. Qf3 Bxe5 13. Rxe5 Nd5 14. Qxd5 O-O 15. Qxc5 Rac8 16. Bxc6 bxc6 17. Nc3 Qd8 18. Qf2 Rb8 19. b3 Qd6 20. Be3 Rfd8 21. Bc5 Qd7 22. Rd1 Re8 23. Qe3 f5 24. g5 Bf7 25. d4 h6 26. Ne2 a5 27. a4 h5 28. h4 g6 29. Nc1 1-0

[Event "64.Provinciale PD 2.Rocca di Monselice"]
[Site "Monselice"]
[Date "2004.02.06"]
[Round "1.5"]
[White "Castellano, Alfonso"]
[Black "Laketic, Gojko"]
[Result "0-1"]
[WhiteElo "1922"]
[BlackElo "2407"]
[Annotator "Gabriele Ballarin"]
[PlyCount "66"]
[EventDate "2004.02.06"]
[EventType "swiss"]
[EventRounds "5"]
[EventCountry "ITA"]

1. c4 e5 2. g3 c6 3. Bg2 d5 4. cxd5 cxd5 5. d3 Nc6 6. Nf3 h6 7. O-O Nf6 8. b3 Bd6 9. Bb2 Qe7 10. Nbd2 O-O 11. Ne1 Bg4 12. Nc2 Rac8 13. Ne3 Be6 14. Rc1 Ba3 15. Rb1 Bxb2 16. Rxb2 Qa3 17. Qb1 Nd4 18. Nf3 Qd6 19. Re1 Nb5 20. Qd1 Nc3 21. Qd2 b5 22. Nh4 Qd7 23. f4 exf4 24. gxf4 d4 25. Nf1 Nfd5 26. Be4 Bh3 27. f5 Qe7 28. Nf3 Bxf1 29. Rxf1 Ne3 30. Re1 Rfd8 31. Nxd4 Qg5+ 32. Kf2 Qf4+ 33. Bf3 Ng4+ 0-1

[Event "64.Provinciale PD 2.Rocca di Monselice"]
[Site "Monselice"]
[Date "2004.02.06"]
[Round "1.6"]
[White "Cioara, Andrei Nestor"]
[Black "Ravenna, Gilberto"]
[Result "1-0"]
[WhiteElo "2361"]
[BlackElo "1902"]
[Annotator "Gabriele Ballarin"]
[PlyCount "59"]
[EventDate "2004.02.06"]
[EventType "swiss"]
[EventRounds "5"]
[EventCountry "ITA"]

1. d4 b5 2. e4 Bb7 3. Bd3 e6 4. Nf3 Be7 5. Qe2 a6 6. O-O Nf6 7. a4 b4 8. Nbd2 O-O 9. Re1 d6 10. Nb3 c6 11. Bg5 Nh5 12. Bd2 a5 13. e5 g6 14. exd6 Bxd6 15. Ne5 Nd7 16. Bh6 Re8 17. Qf3 Nxe5 18. dxe5 Be7 19. Be4 Qc7 20. Nd2 Ng7 21. Nc4 Nf5 22. Bf4 Nd4 23. Qe3 c5 24. Nd6 Bxd6 25. exd6 Qd7 26. Be5 Bxe4 27. Qxe4 Rac8 28. Rad1 Rc6 29. Qh4 Qd8 30. d7 1-0

[Event "64.Provinciale PD 2.Rocca di Monselice"]
[Site "Monselice"]
[Date "2004.02.06"]
[Round "1.7"]
[White "Dal Zovo, Claudio"]
[Black "Ventura, Boris"]
[Result "1/2-1/2"]
[WhiteElo "1822"]
[BlackElo "2186"]
[Annotator "Gabriele Ballarin"]
[PlyCount "79"]
[EventDate "2004.02.06"]
[EventType "swiss"]
[EventRounds "5"]
[EventCountry "ITA"]

1. d4 Nf6 2. Nf3 g6 3. e3 Bg7 4. Bd3 O-O 5. b3 a5 6. Bb2 a4 7. c4 d6 8. O-O Nfd7 9. b4 e5 10. d5 a3 11. Bc3 f5 12. Be2 Nf6 13. Qb3 Ne4 14. Nfd2 Nxc3 15. Nxc3 Nd7 16. Rac1 c5 17. dxc6 bxc6 18. c5+ d5 19. Nxd5 Kh8 20. Nc3 Nxc5 21. bxc5 Qxd2 22. Rc2 {=} Qd8 23. Rd1 Qa5 24. Qb6 e4 25. Nb1 Qa4 26. Rc4 {=} Qa5 27. Rb4 Be6 28. Bc4 Bxc4 29. Rxc4 Rad8 30. Rf1 Qa8 31. Qb3 Rb8 32. Qa4 Rb2 33. Nxa3 Qb7 34. Qd1 Rxa2 35. Nb1 Qb8 36. Rc2 Ra1 37. Rc1 Rd8 38. Qc2 Rd3 39. Rcd1 Qd8 40. g3 1/2-1/2

[Event "64.Provinciale PD 2.Rocca di Monselice"]
[Site "Monselice"]
[Date "2004.02.06"]
[Round "1.8"]
[White "Del Monaco, Andrea"]
[Black "Cedriano, Filippo"]
[Result "1/2-1/2"]
[WhiteElo "2177"]
[BlackElo "1801"]
[Annotator "Gabriele Ballarin"]
[PlyCount "111"]
[EventDate "2004.02.06"]
[EventType "swiss"]
[EventRounds "5"]
[EventCountry "ITA"]

1. e4 c6 2. d4 d5 3. Nc3 dxe4 4. Nxe4 Bf5 5. Ng3 Bg6 6. h4 h6 7. Nf3 Nd7 8. h5 Bh7 9. Bd3 Bxd3 10. Qxd3 Ngf6 11. Bd2 e6 12. O-O-O Qc7 13. Ne4 Nxe4 14. Qxe4 Bd6 15. Kb1 O-O-O 16. c4 Nf6 17. Qe2 Kb8 18. Bc3 Ka8 19. Ne5 Rhe8 20. g3 Re7 21. Rd3 Bxe5 22. dxe5 Ne8 23. Rhd1 Red7 24. f4 Kb8 25. Kc2 Kc8 26. Rxd7 Rxd7 27. Rxd7 Qxd7 28. Qd3 Qxd3+ 29. Kxd3 c5 30. Ke4 g6 31. hxg6 fxg6 32. Be1 h5 33. Bf2 b6 34. Kf3 Kd7 35. a3 Ng7 36. g4 Kc6 37. Bh4 b5 38. b3 a5 39. a4 bxc4 40. bxc4 hxg4+ 41. Kxg4 Nf5 42. Bf6 Nd4 43. Kg5 Kd7 44. Kxg6 Ke8 45. Bh4 Kd7 46. Kf7 Nf5 47. Bf2 Nd4 48. Bxd4 cxd4 49. f5 d3 50. fxe6+ Kc7 51. e7 d2 52. e8=Q d1=Q 53. Qe7+ Kc6 54. Qe6+ Kc7 55. Ke8 Qd8+ 56. Kf7 1/2-1/2

[Event "64.Provinciale PD 2.Rocca di Monselice"]
[Site "Monselice"]
[Date "2004.02.06"]
[Round "1.9"]
[White "Rossi, Gianni"]
[Black "Opacic, Alexandar"]
[Result "0-1"]
[WhiteElo "1784"]
[BlackElo "2125"]
[Annotator "Gabriele Ballarin"]
[PlyCount "73"]
[EventDate "2004.02.06"]
[EventType "swiss"]
[EventRounds "5"]
[EventCountry "ITA"]

1. d4 Nf6 2. f3 d5 3. e4 dxe4 4. Nc3 Bf5 5. fxe4 Nxe4 6. Qf3 Nxc3 7. bxc3 Qc8 8. Bc4 e6 9. Nh3 Be7 10. O-O O-O 11. Rb1 c6 12. Bg5 Bxg5 13. Nxg5 h6 14. Ne4 Bxe4 15. Qxe4 Na6 16. Bd3 f5 17. Qe5 Nc7 18. Rf3 b6 19. Rg3 Qd7 20. c4 Rad8 21. c3 Rf7 22. Re1 Qd6 23. Qe2 c5 24. d5 exd5 25. cxd5 Re8 26. Re3 Rxe3 27. Qxe3 Qxd5 28. Qe2 b5 29. Bxb5 Nxb5 30. Qxb5 f4 31. Qe8+ Kh7 32. Qe4+ Qxe4 33. Rxe4 g5 34. Kf2 Kg6 35. Re6+ Rf6 36. Re7 Rf7 37. Re2 {Nur} 0-1

[Event "64.Provinciale PD 2.Rocca di Monselice"]
[Site "Monselice"]
[Date "2004.02.06"]
[Round "1.10"]
[White "Rossato, Armando"]
[Black "Marson, Luca"]
[Result "1-0"]
[WhiteElo "2116"]
[BlackElo "1756"]
[Annotator "Gabriele Ballarin"]
[PlyCount "95"]
[EventDate "2004.02.06"]
[EventType "swiss"]
[EventRounds "5"]
[EventCountry "ITA"]

1. d4 Nf6 2. Nf3 d6 3. Nc3 g6 4. e4 Bg7 5. Be3 c6 6. Qd2 b5 7. Bd3 Nbd7 8. h4 Nb6 9. Bh6 Bxh6 10. Qxh6 Be6 11. Ng5 b4 12. d5 cxd5 13. Nxd5 Bxd5 14. exd5 Qd7 15. O-O Nbxd5 16. a3 Nh5 17. Be4 Qc6 18. Bxd5 Qxd5 19. Rad1 Qc4 20. Nf3 Nf4 21. g3 Ne2+ 22. Kg2 bxa3 23. bxa3 O-O-O 24. Qe3 Rd7 25. Rd3 Rc7 26. Qxe2 Qxc2 27. Qe4 Qc6 28. Qd4 Rd8 29. Rfd1 e5 30. Qd5 e4 31. Qxc6 Rxc6 32. Nd4 exd3 33. Nxc6 Rd7 34. Rxd3 Kb7 35. Nd4 Kb6 36. Rc3 f5 37. Kf3 Rc7 38. Rxc7 Kxc7 39. Ne6+ Kc6 40. Ke3 Kd5 41. Nf4+ Kc4 42. Kd2 Kb3 43. Nd5 Kxa3 44. Kc3 Ka4 45. Nf6 a5 46. Ne8 d5 47. Nc7 d4+ 48. Kxd4 1-0

[Event "64.Provinciale PD 2.Rocca di Monselice"]
[Site "Monselice"]
[Date "2004.02.06"]
[Round "1.11"]
[White "Xia, Jie"]
[Black "Zotti, Enrico"]
[Result "1-0"]
[WhiteElo "1738"]
[BlackElo "2051"]
[Annotator "Gabriele Ballarin"]
[PlyCount "73"]
[EventDate "2004.02.06"]
[EventType "swiss"]
[EventRounds "5"]
[EventCountry "ITA"]

1. e4 c5 2. Nf3 d6 3. d4 cxd4 4. Nxd4 Nf6 5. Nc3 a6 6. Be2 e5 7. Nb3 Be6 8. O-O Be7 9. Be3 O-O 10. f4 exf4 11. Bxf4 Nc6 12. Kh1 Ne5 13. Nd4 Bd7 14. Nf5 Bxf5 15. exf5 Rc8 16. Bxe5 dxe5 17. Bf3 Qc7 18. g4 Rfd8 19. Qe2 h6 20. Rad1 Rd4 21. Rxd4 exd4 22. Nd5 Nxd5 23. Bxd5 Bf6 24. Rf2 b5 25. Qe4 {=} Rd8 26. Qg2 a5 27. Be4 Qc4 28. b3 Qc3 29. Bd3 b4 30. Qg3 Qa1+ 31. Kg2 Qxa2 32. h4 Re8 33. g5 hxg5 34. hxg5 Be5 35. Qh4 Qa1 36. f6 g6 37. Qh6 1-0

[Event "64.Provinciale PD 2.Rocca di Monselice"]
[Site "Monselice"]
[Date "2004.02.07"]
[Round "2.1"]
[White "Korneev, Oleg"]
[Black "Cioara, Andrei Nestor"]
[Result "1-0"]
[WhiteElo "2566"]
[BlackElo "2361"]
[Annotator "Gabriele Ballarin"]
[PlyCount "69"]
[EventDate "2004.02.06"]
[EventType "swiss"]
[EventRounds "5"]
[EventCountry "ITA"]

1. e4 e6 2. d4 d5 3. Nc3 Bb4 4. e5 c5 5. a3 Ba5 6. b4 cxd4 7. Nb5 Bc7 8. f4 Bd7 9. Nxc7+ Qxc7 10. Nf3 Ba4 11. Bd3 Qc3+ 12. Bd2 Qxd3 13. cxd3 Bxd1 14. Kxd1 Ne7 15. Ke2 a6 16. a4 Kd7 17. g4 h5 18. h3 b6 19. b5 f6 20. exf6 gxf6 21. g5 Nf5 22. Rhc1 axb5 23. gxf6 e5 24. Nxe5+ Ke6 25. f7 Ne7 26. Rc7 Na6 27. Rb7 Rab8 28. Ra7 Nc5 29. axb5 Rhf8 30. Bb4 Nc8 31. Bxc5 bxc5 32. R1a6+ Kf5 33. Kf3 Nb6 34. Nd7 Nxd7 35. Rxd7 1-0

[Event "64.Provinciale PD 2.Rocca di Monselice"]
[Site "Monselice"]
[Date "2004.02.07"]
[Round "2.3"]
[White "Lazic, Miroljub"]
[Black "Rossato, Armando"]
[Result "1-0"]
[WhiteElo "2477"]
[BlackElo "2116"]
[Annotator "Gabriele Ballarin"]
[PlyCount "51"]
[EventDate "2004.02.06"]
[EventType "swiss"]
[EventRounds "5"]
[EventCountry "ITA"]

1. e4 e5 2. Bc4 Nf6 3. d3 Bc5 4. Nf3 d6 5. c3 Nc6 6. Bb3 Qe7 7. O-O Bg4 8. Nbd2 O-O-O 9. Bc2 d5 10. b4 dxe4 11. dxe4 Bd6 12. Qe1 Nh5 13. Qe3 Nf4 14. Nb3 Qf6 15. Kh1 Qh6 16. Ng1 Be7 17. b5 Nb8 18. Qxa7 b6 19. a4 Qg6 20. Bxf4 exf4 21. f3 Be6 22. Nd4 Bc5 23. Rfd1 Bd7 24. Nge2 Qf6 25. a5 h5 26. a6 1-0

[Event "64.Provinciale PD 2.Rocca di Monselice"]
[Site "Monselice"]
[Date "2004.02.07"]
[Round "2.4"]
[White "Opacic, Alexandar"]
[Black "Mrdja, Milan"]
[Result "0-1"]
[WhiteElo "2125"]
[BlackElo "2413"]
[Annotator "Gabriele Ballarin"]
[PlyCount "27"]
[EventDate "2004.02.06"]
[EventType "swiss"]
[EventRounds "5"]
[EventCountry "ITA"]

1. e4 Nf6 2. e5 Nd5 3. d4 d6 4. Nf3 Bg4 5. Bc4 dxe5 6. dxe5 e6 7. O-O c6 8. a3 Nd7 9. Re1 Qc7 10. Qe2 Bxf3 11. gxf3 g6 12. f4 Bg7 13. Bd2 g5 14. f5 {Nur} 0-1

[Event "64.Provinciale PD 2.Rocca di Monselice"]
[Site "Monselice"]
[Date "2004.02.07"]
[Round "2.5"]
[White "Ventura, Boris"]
[Black "Xia, Jie"]
[Result "1-0"]
[WhiteElo "2186"]
[BlackElo "1738"]
[Annotator "Gabriele Ballarin"]
[PlyCount "59"]
[EventDate "2004.02.06"]
[EventType "swiss"]
[EventRounds "5"]
[EventCountry "ITA"]

1. e4 c5 2. Nf3 d6 3. d4 cxd4 4. Nxd4 Nf6 5. Nc3 a6 6. Be2 b5 7. Bf3 e5 8. Nf5 Be6 9. Bg5 Nc6 10. O-O Rc8 11. Nd5 Bxf5 12. Bxf6 gxf6 13. exf5 Bg7 14. c3 O-O 15. Qd3 Ne7 16. Rfd1 Nc6 17. Qe4 a5 18. Rd3 Nb8 19. Rad1 Rc4 20. Qe2 Rc5 21. Ne3 Qc8 22. Rxd6 Re8 23. Be4 b4 24. Nd5 bxc3 25. bxc3 Nd7 26. Rxd7 Qxd7 27. Nxf6+ Bxf6 28. Rxd7 Rxc3 29. h4 Rb8 30. Qg4+ 1-0

[Event "64.Provinciale PD 2.Rocca di Monselice"]
[Site "Monselice"]
[Date "2004.02.07"]
[Round "2.6"]
[White "Cedriano, Filippo"]
[Black "Dal Zovo, Claudio"]
[Result "1-0"]
[WhiteElo "1801"]
[BlackElo "1822"]
[Annotator "Gabriele Ballarin"]
[PlyCount "79"]
[EventDate "2004.02.06"]
[EventType "swiss"]
[EventRounds "5"]
[EventCountry "ITA"]

1. d4 Nf6 2. c4 d6 3. Nc3 c6 4. e4 Qc7 5. f3 e5 6. Nge2 Be7 7. Be3 O-O 8. Qd2 a6 9. g4 b5 10. Ng3 exd4 11. Bxd4 b4 12. Nce2 c5 13. Be3 Nc6 14. Nf4 Ne5 15. Be2 Be6 16. Nd5 Nxd5 17. exd5 Bd7 18. Nf5 Bxf5 19. gxf5 Bh4+ 20. Bf2 Qe7 21. O-O Bxf2+ 22. Rxf2 Qh4 23. Rg2 Rfe8 24. Kh1 Qf6 25. f4 Nd7 26. Rag1 g6 27. fxg6 hxg6 28. Bd3 Kg7 29. Qc2 Nf8 30. f5 Qh4 31. fxg6 f6 32. Qd2 Re5 33. Rg4 Qh5 34. Qf2 Rae8 35. Rh4 Re2 36. Bxe2 Qxe2 37. Qf4 Qe3 38. Rh7+ Nxh7 39. gxh7+ Kxh7 40. Qf5+ 1-0

[Event "64.Provinciale PD 2.Rocca di Monselice"]
[Site "Monselice"]
[Date "2004.02.07"]
[Round "2.7"]
[White "Zotti, Enrico"]
[Black "Del Monaco, Andrea"]
[Result "0-1"]
[WhiteElo "2051"]
[BlackElo "2177"]
[Annotator "Gabriele Ballarin"]
[PlyCount "78"]
[EventDate "2004.02.06"]
[EventType "swiss"]
[EventRounds "5"]
[EventCountry "ITA"]

1. Nf3 c5 2. g3 b6 3. Bg2 Bb7 4. O-O Nf6 5. d3 e6 6. e4 d5 7. exd5 Nxd5 8. Re1 Be7 9. Ne5 Qc8 10. Qh5 O-O 11. Qh3 Nd7 12. Na3 Nxe5 13. Rxe5 g6 14. Bg5 Bxg5 15. Rxg5 Ne7 16. Nc4 Bxg2 17. Qxg2 Qc7 18. Re1 Nc6 19. f4 Rad8 20. h4 h6 21. Rg4 Kh7 22. Ne5 Nxe5 23. fxe5 Rd5 24. Rge4 Rfd8 25. Qf3 Qe7 26. Rf4 R8d7 27. Rf6 Kg7 28. Kg2 b5 29. Re4 Rd4 30. Rxd4 Rxd4 31. c3 Rd5 32. Qe4 Qc7 33. d4 cxd4 34. cxd4 Qd7 35. Rf4 b4 36. h5 g5 37. Rg4 Ra5 38. Qe3 Qd5+ 39. Kh3 Qh1# 0-1

[Event "64.Provinciale PD 2.Rocca di Monselice"]
[Site "Monselice"]
[Date "2004.02.07"]
[Round "2.8"]
[White "Dallaglio, Giovanni"]
[Black "Castellano, Alfonso"]
[Result "1-0"]
[WhiteElo "2023"]
[BlackElo "1922"]
[Annotator "Gabriele Ballarin"]
[PlyCount "80"]
[EventDate "2004.02.06"]
[EventType "swiss"]
[EventRounds "5"]
[EventCountry "ITA"]

1. d4 Nf6 2. Nf3 g6 3. c4 Bg7 4. Nc3 d6 5. Bg5 Nbd7 6. e3 O-O 7. Be2 c5 8. O-O Re8 9. Qd2 h6 10. Bh4 g5 11. Bg3 Nh5 12. Rac1 Ndf6 13. Rfd1 Nxg3 14. hxg3 Bf5 15. Nh2 Qc8 16. Bd3 Rd8 17. d5 Kh8 18. Qc2 Bxd3 19. Qxd3 Rg8 20. f3 Qd7 21. Kf2 Raf8 22. e4 Nh5 23. Ne2 Bxb2 24. Rb1 Bg7 25. Ng4 Nf6 26. Ne3 Rd8 27. Rh1 e6 28. g4 Rgf8 29. Ng3 Kg8 30. Qc2 Rb8 31. a4 Rfc8 32. Rbd1 a6 33. dxe6 fxe6 34. e5 Ne8 35. exd6 Nxd6 36. Qg6 Kf8 37. Rxh6 Bxh6 38. Qxh6+ Ke8 39. Qh8+ Ke7 40. Qe5 Qc7 1-0

[Event "64.Provinciale PD 2.Rocca di Monselice"]
[Site "Monselice"]
[Date "2004.02.07"]
[Round "2.9"]
[White "Ravenna, Gilberto"]
[Black "Quaranta, Cristiano"]
[Result "1-0"]
[WhiteElo "1902"]
[BlackElo "2031"]
[Annotator "Gabriele Ballarin"]
[PlyCount "129"]
[EventDate "2004.02.06"]
[EventType "swiss"]
[EventRounds "5"]
[EventCountry "ITA"]

1. Nc3 d5 2. e4 d4 3. Nce2 e5 4. Ng3 Nc6 5. Nf3 h5 6. h4 Bg4 7. Be2 Be7 8. d3 Nh6 9. Ng5 Qd7 10. f3 Be6 11. Nxh5 Rg8 12. f4 f6 13. Nxe6 Qxe6 14. f5 Qf7 15. g4 Bb4+ 16. Bd2 Bxd2+ 17. Qxd2 Rh8 18. g5 Ng8 19. Bg4 O-O-O 20. Ng3 Kb8 21. a3 Nge7 22. Ke2 Nc8 23. Rh3 N8e7 24. b4 Nc8 25. h5 fxg5 26. Qxg5 Rd6 27. Rah1 Rhh6 28. Nf1 Rdf6 29. Bf3 Nd6 30. Nh2 Qa2 31. Ng4 Qxc2+ 32. Qd2 Qb3 33. Nxh6 Rxh6 34. Rg3 Qf7 35. Rhg1 Ne8 36. Rg6 Rh7 37. h6 Ne7 38. Ke1 Kc8 39. Qg5 gxh6 40. Rxh6 Rg7 41. Qxg7 Nxg7 42. Rh7 Qb3 43. Rgxg7 Qc3+ 44. Kf2 Qd2+ 45. Kg3 Qf4+ 46. Kg2 Qd2+ 47. Kh1 Qxd3 48. Bg4 Qxe4+ 49. Kh2 Qf4+ 50. Kh3 Qf1+ 51. Kh4 Qf2+ 52. Kg5 Qe3+ 53. Kh4 Qf2+ 54. Kh3 Qf1+ 55. Kh4 Qh1+ 56. Bh3 Nxf5+ 57. Kg4 Qc1 58. Kxf5 b6 59. Rxc7+ Qxc7 60. Rxc7+ Kxc7 61. Kxe5 d3 62. Bg4 Kc6 63. Kd4 d2 64. Kd3 Kb5 65. Bd1 1-0

[Event "64.Provinciale PD 2.Rocca di Monselice"]
[Site "Monselice"]
[Date "2004.02.07"]
[Round "2.11"]
[White "Marson, Luca"]
[Black "Rossi, Damiano"]
[Result "1/2-1/2"]
[WhiteElo "1756"]
[BlackElo "2002"]
[Annotator "Gabriele Ballarin"]
[PlyCount "47"]
[EventDate "2004.02.06"]
[EventType "swiss"]
[EventRounds "5"]
[EventCountry "ITA"]

1. e4 e6 2. d4 d5 3. e5 c5 4. Qg4 cxd4 5. Nf3 Nc6 6. Bd3 Qc7 7. Qg3 f6 8. exf6 Qxg3 9. f7+ Kxf7 10. hxg3 h6 11. Bf4 Be7 12. g4 g6 13. g5 Bf8 14. Nbd2 Bg7 15. Bb5 hxg5 16. Rxh8 Bxh8 17. Bxg5 Nb4 18. Ba4 b5 19. a3 bxa4 20. axb4 Bb7 21. Bf4 Bc8 22. Be5 Bg7 23. Ng5+ Kf8 24. Nh7+ 1/2-1/2

[Event "64.Provinciale PD 2.Rocca di Monselice"]
[Site "Monselice"]
[Date "2004.02.07"]
[Round "3.1"]
[White "Mrdja, Milan"]
[Black "Korneev, Oleg"]
[Result "0-1"]
[WhiteElo "2413"]
[BlackElo "2566"]
[Annotator "Gabriele Ballarin"]
[PlyCount "58"]
[EventDate "2004.02.06"]
[EventType "swiss"]
[EventRounds "5"]
[EventCountry "ITA"]

1. e4 e5 2. Nf3 Nc6 3. Bb5 a6 4. Ba4 Nf6 5. O-O Nxe4 6. Re1 Nc5 7. Nxe5 Nxe5 8. Rxe5+ Be7 9. Nc3 O-O 10. d4 Nxa4 11. Nxa4 d5 12. Nc3 c6 13. Re1 Bd6 14. Ne2 Qh4 15. g3 Qh5 16. Nf4 Qxd1 17. Rxd1 Re8 18. Be3 g5 19. Nd3 f6 20. Kg2 Bf5 21. Re1 Be4+ 22. f3 Bxd3 23. cxd3 Bb4 24. Re2 Re7 25. a3 Rae8 26. Kf2 Ba5 27. f4 g4 28. h3 h5 29. hxg4 hxg4 0-1

[Event "64.Provinciale PD 2.Rocca di Monselice"]
[Site "Monselice"]
[Date "2004.02.07"]
[Round "3.3"]
[White "Del Monaco, Andrea"]
[Black "Laketic, Gojko"]
[Result "1/2-1/2"]
[WhiteElo "2177"]
[BlackElo "2407"]
[Annotator "Gabriele Ballarin"]
[PlyCount "36"]
[EventDate "2004.02.06"]
[EventType "swiss"]
[EventRounds "5"]
[EventCountry "ITA"]

1. e4 Nf6 2. e5 Nd5 3. d4 d6 4. Nf3 Bg4 5. Be2 e6 6. O-O Be7 7. c4 Nb6 8. Nc3 O-O 9. Be3 a5 10. b3 N8d7 11. exd6 cxd6 12. Nd2 Bxe2 13. Qxe2 Re8 14. f4 g6 15. Qf3 Rb8 16. Rad1 Bf8 17. Kh1 f5 18. Bf2 Qc8 1/2-1/2

[Event "64.Provinciale PD 2.Rocca di Monselice"]
[Site "Monselice"]
[Date "2004.02.07"]
[Round "3.4"]
[White "Cedriano, Filippo"]
[Black "Ventura, Boris"]
[Result "1/2-1/2"]
[WhiteElo "1801"]
[BlackElo "2186"]
[Annotator "Gabriele Ballarin"]
[PlyCount "60"]
[EventDate "2004.02.06"]
[EventType "swiss"]
[EventRounds "5"]
[EventCountry "ITA"]

1. d4 Nf6 2. c4 d6 3. Nc3 g6 4. e4 Bg7 5. Nf3 O-O 6. Be2 e5 7. dxe5 dxe5 8. Qxd8 Rxd8 9. Nd5 Nxd5 10. cxd5 c6 11. Bc4 b5 12. Bb3 Bb7 13. Bg5 Rd7 14. O-O-O cxd5 15. Bxd5 Bxd5 16. Rxd5 Rxd5 17. exd5 Nd7 18. Rd1 e4 19. Ne1 Nb6 20. d6 f6 21. Be3 Rd8 22. Bxb6 axb6 23. d7 Bf8 24. Nc2 Bc5 25. f3 exf3 26. gxf3 Kf7 27. b4 Bf2 28. Na3 Ke7 29. Nxb5 Rxd7 30. Rxd7+ Kxd7 1/2-1/2

[Event "64.Provinciale PD 2.Rocca di Monselice"]
[Site "Monselice"]
[Date "2004.02.07"]
[Round "3.5"]
[White "Cioara, Andrei Nestor"]
[Black "Dallaglio, Giovanni"]
[Result "1-0"]
[WhiteElo "2361"]
[BlackElo "2023"]
[Annotator "Gabriele Ballarin"]
[PlyCount "61"]
[EventDate "2004.02.06"]
[EventType "swiss"]
[EventRounds "5"]
[EventCountry "ITA"]

1. e4 d5 2. exd5 Qxd5 3. Nc3 Qa5 4. d4 c6 5. Nf3 Nf6 6. Bc4 Bf5 7. Ne5 e6 8. g4 Bg6 9. h4 Nbd7 10. Nxd7 Nxd7 11. h5 Be4 12. Rh3 Bd5 13. Bd3 Bb4 14. Bd2 h6 15. a3 Bxc3 16. Bxc3 Qc7 17. Qe2 O-O-O 18. O-O-O Nf6 19. Rg3 Qf4+ 20. Bd2 Qxd4 21. c3 Qa4 22. c4 Bxc4 23. Bxc4 Rd4 24. Bb3 Qb5 25. Qxb5 cxb5 26. Rc3+ Kb8 27. f3 a5 28. Be3 Rxd1+ 29. Kxd1 a4 30. Ba2 Rd8+ 31. Ke2 1-0